Geboren in Jena - Statistiken

Allgemein
  • Dieses Quiz wurde 57 mal gespielt
    4 seit der letzten Aktualisierung
  • Das Durchschnittsergebnis liegt bei 7 aus 14
Antwortstatistiken
Hinweis Antwort % Korrekt
Früherer Fußballnationaltorwart (Hannover), starb durch Suizid 1977 Robert Enke
100%
Politikerin, Vorsitzende des BSW von 2024 bis 2025 und Fraktionsvorsitzende von Die Linke von 2015 bis 2019 1969 Sahra Wagenknecht
100%
Rechtsterroristin und Mitglied des NSU 1975 Beate Zschäpe
75%
Früherer Fußballnationalspieler (Leverkusen), "Schnix" 1973 Bernd Schneider
75%
CDU-Politiker und Ministerpräsident von Thüringen seit 2024 1977 Mario Voigt
75%
Meeresbiologe, Umweltschützer und YouTuber 1983 Robert Marc Lehmann
75%
Ökonom und Vordenker der sozialen Marktwirtschaft 1891 Walter Eucken
50%
Schauspieler, "Systemsprenger" "Im Westen nichts Neues" "Schachnovelle" 1985 Albrecht Schuch
25%
früherer Prinzgemahl der Niederlande 1911 Bernhard zur Lippe-Biesterfeld
25%
Schauspielerin, "Ballon" "Schutzengel" 1981 Karoline Schuch
25%
SS-Hauptsturmführer und persönlicher Adjutant Hitlers 1917 Otto Günsche
25%
Journalist, DDR-Bürgerrechtler und letzter Leiter der Stasiunterlagenbehörde 1953 Roland Jahn
25%
DDR-Bürgerrechtler und Mitbegründer von Bündnis 90 1948 Wolfgang Templin
25%
amerikanischer Chemienobelpreisträger und Mitentdecker der bedeutendsten Kathodenmaterialien 1922 John Goodenough
0%
Keine übereinstimmenden Quizze gefunden
Verteilung der Resultate
Anzahl Personen mit jedem Resultat
Perzentil nach korrekt beantworteten Fragen
Ihre Resultats-Entwicklung
Sie haben dieses Quiz seit der letzten Aktualisierung nicht gespielt